• 首页
  • 本馆介绍
  • 公告通知
  • 最新文献
  • 馆藏检索
  • 电子资源
  • 读者导购
  • 参考咨询
  • 我的图书馆
  • 登录
  • 详细信息显示
  • 放入我的书架
  • 预约/预借图书
  • 作者相关作品
  • 分类相关作品
  • 丛书相关作品
  • 出版社相关作品

书目信息

  • 表格格式
  • 工作单格式
  • 卡片格式
题名:
伊朗通史
    
 
作者: 奥希梯扬尼 著 ;叶奕良, 译
分册: 下册  
出版信息: 北京   经济日报出版社  1997
页数: 450~928页
开本: 20cm
丛书名: 东方文化集成
单 册:
中图分类: K373.0
科图分类:
主题词: 历史--伊朗
电子资源:
ISBN: 7-80127-307-9
000 00830nam0 2200265 45
001 CAL 012000159802
005 20031219104054.5
010    @a7-80127-307-9@dCNY34.00
100    @a19990423d1997 emky0chiy0121 ea
101 1  @achi@cper
102    @aCN@b110000
105    @ay z 000yd
106    @ar
200 1  @a伊朗通史@h下册@Ayi lang tong shi@f(伊朗)阿宝斯·艾克巴尔·奥希梯扬尼著@g叶奕良译
210    @a北京@c经济日报出版社@d1997
215    @a450~928页@d20cm
225 2  @a东方文化集成@i伊朗、阿富汗文化编
410  0 @12001 @a东方文化集成.伊朗阿富汉文化编
606    @a历史@y伊朗
607    @a伊朗@x历史
690    @aK373.0@v4
701  1 @a奥希梯扬尼@Aao xi ti yang ni@b阿宝斯·艾克巴尔@4著
702  0 @a叶奕良, @Aye yi liang, @f1936- @4译
801    @aCN@bTSTC@c20020416
905    @b308205-209@dK373.0@e3:2@f5
    
    伊朗通史.下册/(伊朗)阿宝斯·艾克巴尔·奥希梯扬尼著/叶奕良译.-北京:经济日报出版社,1997
    450~928页;20cm.-(东方文化集成.伊朗、阿富汗文化编)
    
    
    ISBN 7-80127-307-9:CNY34.00
    
●
相关链接 在E读中查询图书 在五车中查询图书 在当当中查询图书 在豆瓣中查询图书


正题名:伊朗通史     索取号:K373.0/3:2         预约/预借

序号 登录号 条形码 馆藏地/架位号 状态 备注
1 0308205   203082056   第二借阅区/ [索取号:K373.0/3:2] 在馆    
2 0308206   203082065   第二借阅区/ [索取号:K373.0/3:2] 在馆    
3 0308207   203082074   第二借阅区/ [索取号:K373.0/3:2] 在馆    
4 0308208   203082083   第二借阅区/ [索取号:K373.0/3:2] 在馆    
5 0308209   203082092   第二样本阅览室/ [索取号:K373.0/3:2] 在馆    
唐山师范学院图书馆 欢迎您!
大连网信软件有限公司© 版权所有